[Event "Santiago op U2200 prep"]
[Site "Santiago de Chile"]
[Date "2017.01.15"]
[Round "5.7"]
[White "Soto Lagos, Alejandro"]
[Black "Hernandez Cueto, Camilo"]
[Result "1-0"]
[WhiteElo "1727"]
[BlackElo "1298"]
[PlyCount "87"]
[EventDate "2017.01.14"]
[EventType "swiss"]
[EventRounds "5"]
[EventCountry "CHI"]
[SourceTitle "EXT 2024"]
[Source "ChessBase"]
[SourceDate "2023.10.10"]
[SourceVersion "1"]
[SourceVersionDate "2023.10.10"]
[SourceQuality "1"]

1. c4 Nf6 2. g3 g6 3. Bg2 Bg7 4. Nc3 0-0 5. e3 e5 6. Nge2 c6 7. d4 d6 8. 0-0 Nbd7 9. b3 Re8 10. dxe5 Nxe5 11. Ba3 Bf8 12. Qd2 Bf5 13. Nd4 Bg4 14. h3 Bxh3 15. Bxh3 c5 16. Bg2 cxd4 17. Qxd4 b6 18. Rad1 Nfg4 19. Nd5 Qg5 20. Qf4 Qh5 21. Nf6+ Nxf6 22. Qxf6 Ng4 23. Qh4 Qxh4 24. gxh4 Rad8 25. Bb2 Be7 26. h5 gxh5 27. Rd5 Bh4 28. Rxh5 Bxf2+ 29. Rxf2 Nxe3 30. Rg5+ Kf8 31. Bg7+ Ke7 32. Bf6+ Kd7 33. Bxd8 Nxg2 34. Kxg2 Kxd8 35. Rxf7 h6 36. Rgf5 Kc8 37. Rf8 Rxf8 38. Rxf8+ Kc7 39. Rf7+ Kc6 40. Rxa7 b5 41. cxb5+ Kxb5 42. a4+ Kb4 43. Rb7+ Ka5 44. Rb5+ 1-0

[Event "Santiago Torneo de Invierno"]
[Site "Santiago de Chile"]
[Date "2015.08.11"]
[Round "5.5"]
[White "Soto Lagos, Alejandro"]
[Black "Ponce Migone, Angel"]
[Result "1/2-1/2"]
[WhiteElo "1742"]
[BlackElo "1733"]
[PlyCount "152"]
[EventDate "2015.07.14"]
[EventType "tourn"]
[EventRounds "9"]
[EventCountry "CHI"]
[SourceTitle "EXT 2024"]
[Source "ChessBase"]
[SourceDate "2023.10.10"]
[SourceVersion "1"]
[SourceVersionDate "2023.10.10"]
[SourceQuality "1"]

1. c4 Nf6 2. Nc3 e6 3. g3 d5 4. cxd5 exd5 5. d4 Bf5 6. Bg2 c6 7. Nf3 h6 8. a3 Nbd7 9. Bf4 Qb6 10. Qc1 Ne4 11. 0-0 Be7 12. Be3 Qb3 13. Nd2 Nxd2 14. Bxd2 Bf6 15. e3 Nb6 16. Ne2 Na4 17. Bc3 0-0 18. Qd2 Rfe8 19. Nc1 Qc2 20. Qxc2 Bxc2 21. Re1 Nxc3 22. bxc3 Bd8 23. Na2 Ba5 24. Rec1 Bf5 25. c4 dxc4 26. Rxc4 Be6 27. Rc5 Bb6 28. Rcc1 Rad8 29. Nc3 Ba5 30. Na4 Bd2 31. Rc2 Bb3 32. Rxd2 Bxa4 33. Rb2 Re7 34. Rab1 Bb5 35. Rc1 Ba6 36. Rc5 Rd6 37. a4 Ree6 38. Rc1 Kf8 39. Bf1 Bxf1 40. Kxf1 b6 41. Rcb1 Ke7 42. Rb3 Rd5 43. f3 Rf6 44. Kf2 Ra5 45. Rb4 Kd7 46. e4 Rd6 47. Ke3 c5 48. dxc5 Rxc5 49. R1b3 Rc2 50. h4 Rdc6 51. Rd3+ Rd6 52. Rxd6+ Kxd6 53. g4 g6 54. Rd4+ Ke7 55. Kf4 Rc5 56. Ke3 a6 57. Kd3 f5 58. gxf5 gxf5 59. f4 b5 60. axb5 axb5 61. e5 Rc1 62. Ke3 Rh1 63. Rb4 Rxh4 64. Rxb5 Rh3+ 65. Kf2 Rh4 66. Kg3 Rg4+ 67. Kf3 h5 68. Rb2 Rh4 69. Rg2 Rh3+ 70. Rg3 Rh4 71. Rg5 Ke6 72. Rg6+ Kd5 73. Rd6+ Kc5 74. Rd1 Rh3+ 75. Kg2 Rh4 76. Kf3 Rh3+ 1/2-1/2